Aké nároky má dobytok na vodu?

Bibliographic Details
Main Author: Dolešová, Patrícia (Author)
Format: Article
Language:Slovak
ISSN:1335-440X
Subjects:

MARC

LEADER 00000nab a2200000 ar4500
001 vtls010126946
003 SK-MaSNL
005 20260304025212.0
008 100827c20100709xo ||||||||||||00 b|slo
015 |a SNBRB2010/08  |2 snkbucl 
038 |a SNKBUCL 
040 |a SNKBUCL  |b slo  |c SNKBUCL  |e AACR2 
041 0 |a slo 
044 |a xo  |c SK 
080 |a 636.2.084.3  |2 1997 
100 1 |a Dolešová, Patrícia  |4 aut  |9 274870 
245 1 0 |a Aké nároky má dobytok na vodu?  |c Patrícia Dolešová 
500 |a Na dokumente chybné číslovanie 
650 0 7 |a hovädzí dobytok  |2 snkbucl  |9 2818 
650 0 7 |a voda  |2 snkbucl  |9 854 
650 0 7 |a Potreba vody  |2 snkbucl  |9 1047966 
650 0 7 |a maštale  |2 snkbucl  |9 18699 
650 0 7 |a klíma  |2 snkbucl  |9 834 
650 0 7 |a teplo  |2 snkbucl  |9 14005 
773 0 |t Sme. Roľnícke noviny  |g Č. 113 [!] (9.7.2010)  |x 1335-440X 
773 0 8 |i Príl.:  |t Roľnícke noviny  |g Č. 28 (7.7.2010), s. 14 
852 |a SNK  |b KIS3GCP 
999 |c 2625921  |d 2627851